[Event "Yerevan"]
[Site "Yerevan"]
[Date "1996.??.??"]
[Round "6"]
[White "Nikolic, Predrag"]
[Black "Khalifman, Alexander"]
[Result "1/2-1/2"]
[WhiteElo "2645"]
[BlackElo "2650"]
[Annotator "Dolmatov,S"]
[PlyCount "114"]
[EventDate "1996.04.??"]
[EventType "tourn"]
[EventRounds "11"]
[EventCountry "ARM"]
[EventCategory "15"]
[SourceTitle "CBM 053"]
[Source "ChessBase"]
[SourceDate "1996.08.01"]
[SourceVersion "1"]
[SourceVersionDate "1996.08.01"]
[SourceQuality "1"]

1. d4 Nf6 2. c4 g6 3. Nf3 Bg7 4. g3 O-O 5. Bg2 d5 6. O-O c6 7. b3 (7. Nbd2 {
Nikolic-Khalifman/Erevan (08)/1996/1-0/ ;CBM 53}) 7... dxc4 $5 8. bxc4 c5 9.
Bb2 (9. e3 $6) (9. Ba3 Ne4) 9... cxd4 10. Nxd4 Qb6 11. Nb3 (11. Qc1) (11. Qb3
Nbd7) (11. Nb5 a6 12. Bd4 Qa5 13. Bc3 Qb6 $10) 11... Rd8 12. Qc1 Nc6 13. Nc3
Be6 14. Na4 (14. c5 $6 Qb4 15. Ba3 Qc4) 14... Qc7 (14... Qb4 $2 15. Nac5 Bxc4
16. Bc3 Qb5 17. a4 Qb6 18. Bxf6 $16) 15. Nac5 Bf5 16. a3 (16. Qf4 e5 $5 (16...
Rac8 $2 17. Qxc7 Rxc7 18. Nxb7 Rxb7 19. Bxc6 $16) 17. Qe3 Rac8 $15) 16... Qb6 (
16... Rac8 $15) 17. h3 Nd7 18. Bxg7 Nxc5 (18... Kxg7 $5 19. Qc3+ f6 20. Nxd7
Rxd7 $15) 19. Nxc5 Qxc5 (19... Kxg7 20. Qe3 Rd4 21. Bxc6 Qxc5 22. Bxb7 $15) 20.
Bb2 Be6 21. Kh2 (21. Bxc6 $2 Qxc6 22. Qc3 f6 $17) (21. Qc3 Nd4 22. Kh2 Qxc4 23.
Bxb7 Rab8 $17) (21. Qh6 Nd4 $17) 21... Qxc4 22. Qh6 Nd4 (22... f6 23. Rac1 Qb3
24. Rb1 $132) 23. Bxd4 Qxd4 (23... Rxd4 24. Bxb7 Rad8 25. Bf3 $15) 24. Bxb7
Rab8 25. Bf3 Rb5 {[#]} 26. Qf4 Qxf4 27. gxf4 Rd4 $17 28. Kg3 Ra4 29. Rfd1 Rb3 (
29... g5 30. fxg5 Rxg5+ 31. Kh2 Bxh3 (31... Rh4 32. Bg2 Rgh5 33. Rd3) 32. Kxh3
Ra6 33. Kh4) (29... Kg7 30. Rd3 Rc5) 30. Rd3 Rxd3 31. exd3 Bf5 32. Be2 Kg7 33.
Bf1 Kf6 34. Kf3 h6 (34... e5 35. fxe5+ Kxe5 36. Ke3 Rh4 37. Rb1 Bxh3) 35. Ke3
e5 (35... g5 $5 36. fxg5+ hxg5 37. Bg2 e5 $17) 36. fxe5+ Kxe5 37. Bg2 g5 38.
Bf1 Rh4 (38... h5 39. Bg2 f6 40. Bf1 Rh4) 39. Rb1 Bxh3 40. Rb5+ Kd6 41. Bxh3
Rxh3+ 42. Ke2 g4 43. Ra5 Rh2 $2 (43... h5 $5 44. Rxa7 f5 (44... Rf3 $2 45. Ra6+
(45. Ra5 $2 h4 $19) 45... Ke7 46. Rh6) 45. Rh7 f4 $17) 44. Rxa7 f5 45. Kf1 Rh1+
$2 (45... Ke5 $5 46. a4 Kf4 47. a5 Kf3 $17) 46. Kg2 Rd1 47. Ra6+ $10 Ke5 48.
Rxh6 Rxd3 49. Ra6 Kf4 50. Ra4+ Kg5 51. Ra8 Rd2 52. Ra5 Rb2 53. Kg3 Rb3+ 54. Kg2
Rc3 55. Ra8 Rc4 56. Ra5 Kf4 57. Ra8 Rc2 1/2-1/2

[Event "Yerevan"]
[Site "Yerevan"]
[Date "1996.??.??"]
[Round "7"]
[White "Khalifman, Alexander"]
[Black "Lputian, Smbat G"]
[Result "0-1"]
[WhiteElo "2650"]
[BlackElo "2580"]
[Annotator "Dolmatov,S"]
[PlyCount "108"]
[EventDate "1996.04.??"]
[EventType "tourn"]
[EventRounds "11"]
[EventCountry "ARM"]
[EventCategory "15"]
[SourceTitle "CBM 053"]
[Source "ChessBase"]
[SourceDate "1996.08.01"]
[SourceVersion "1"]
[SourceVersionDate "1996.08.01"]
[SourceQuality "1"]

1. d4 {Petursson} e6 2. Nf3 Nf6 3. c4 d5 4. Nc3 Be7 5. Qc2 O-O 6. cxd5 exd5 7.
Bg5 Nbd7 8. e3 Re8 9. Bd3 Nf8 10. O-O c6 11. Rae1 Ng4 (11... Ne4 12. Bxe7 Qxe7
13. Bxe4 dxe4 14. Nd2 f5 15. f3 exf3 16. Nxf3 Be6 $10) (11... Nh5 12. Bxe7 Rxe7
13. b4 Qd6 14. b5 Ng6 15. bxc6 bxc6 16. Ne2 $14 {Georgiev,Kr-Atanasov,A/Varna/
1983/}) 12. Bxe7 (12. Bf4 Ng6 13. Bg3 Be6) 12... Rxe7 (12... Qxe7 $2 13. e4
dxe4 14. Rxe4 Be6 15. d5 $16) 13. b4 Qd6 14. b5 c5 15. e4 (15. dxc5 Qxc5 16.
Ne2 Qd6 17. Ned4 Rc7 $14) 15... c4 16. e5 $6 (16. Be2 $5 dxe4 17. Nxe4 Qg6 (
17... Qh6 18. h3 Bf5 19. Bxc4) 18. Bxc4 Bf5 19. Nh4 Qh6 $13) 16... Qd8 (16...
cxd3 $2 17. exd6 Rxe1 18. Qxd3 $18) 17. Bf5 (17. Be2 Nh6 $132) 17... Bxf5 18.
Qxf5 Nh6 19. Qc2 Ne6 $15 20. Rb1 Rd7 21. Ne2 g6 22. Ng3 Kg7 23. Qc3 a6 24. b6
a5 25. Rb5 (25. Nd2 Ra6 26. f4 Rxb6 27. f5 Nxf5 28. Nxf5+ gxf5 $15) 25... Ra6
26. Rfb1 Ng8 27. Qe3 Ne7 28. Ng5 $6 (28. Nd2 $5 Nc8 29. f4 f5 30. exf6+ Qxf6
31. Nf3 Nxf4 32. Ne5 Re7 33. Rf1) 28... Nc6 (28... Nc8 29. Nxe6+ fxe6) 29.
Nxe6+ fxe6 30. Ne2 Qf8 $17 31. Qh3 Re7 32. a3 Ra8 33. Rd1 (33. f4 Rae8 34. Rd1)
33... Rae8 34. Rb2 Rf7 35. Qe3 Qe7 36. f3 Ref8 37. Rbd2 Qd8 38. Rb1 Qh4 39. Nc3
Qf4 40. Qxf4 Rxf4 41. Ne2 R4f7 42. Nc3 Rf4 43. Ne2 R4f7 44. Nc3 g5 45. Rbd1 (
45. h3 h5 46. Ne2 Kg6 $17) 45... Kg6 46. Ne2 h5 47. Kf2 g4 48. f4 {[#]} Rxf4+
$1 $19 49. Nxf4+ Rxf4+ 50. Ke2 (50. Ke3 Re4+ 51. Kf2 Kf5 $19) (50. Kg3 {
Petursson} Kg5 51. h4+ gxh3 52. Kxh3 c3 53. Rc2 Rh4+ 54. Kg3 Nxd4 $19) 50...
Kf5 51. Rf1 Rxf1 52. Kxf1 Ke4 53. Ke1 c3 54. Rf2 Kd3 (54... Kd3 55. Kd1 Nxd4)
0-1

[Event "Yerevan"]
[Site "Yerevan"]
[Date "1996.??.??"]
[Round "10"]
[White "Khalifman, Alexander"]
[Black "Epishin, Vladimir"]
[Result "1-0"]
[WhiteElo "2650"]
[BlackElo "2645"]
[Annotator "Khalifman,A"]
[PlyCount "79"]
[EventDate "1996.04.??"]
[EventType "tourn"]
[EventRounds "11"]
[EventCountry "ARM"]
[EventCategory "15"]
[SourceTitle "CBM 053"]
[Source "ChessBase"]
[SourceDate "1996.08.01"]
[SourceVersion "1"]
[SourceVersionDate "1996.08.01"]
[SourceQuality "1"]

1. d4 {Ftacnik Dautov} Nf6 2. c4 e6 3. Nc3 Bb4 4. Nf3 c5 5. g3 O-O 6. Bg2 cxd4
7. Nxd4 d5 8. cxd5 Nxd5 9. Qb3 Nc6 (9... Qa5 10. Bd2 Nc6 11. Nxc6 bxc6 12. O-O
$5) (9... Qb6 10. Bxd5 exd5 11. Be3 Nc6) 10. Nxc6 bxc6 11. O-O Be7 $6 $146 {N}
(11... Qa5 12. Bd2 (12. Ne4 Ba6 13. Qc2 Be7 14. Bd2 (14. Bf3 Nb4 15. Qc3 Qf5
16. a3 Nd5 17. Qc2 c5 18. Re1 Rab8 19. Bg2 Rb6 20. Bd2 Rfb8 21. Ra2 h6 22. Qc1
c4 23. Nc3 Nxc3 24. Bxc3 Bc5 25. Rf1 e5 26. Ra1 Bd4 {0-1 Dive,R-Martin,B/
NZD-ch Otago (05)/1991/ (40)}) 14... Qb5 15. Rfc1 Rab8 16. Qxc6 Qxc6 17. Rxc6
Bxe2 $10 {Sulava,N-Grosar,A/JUG-ch (03)/ 1991 (22)} (17... Bxe2 18. Nc3 Rxb2
19. Bc1 Bb5 20. Nxd5 exd5 21. Bxb2 Bxc6 22. Rc1 Rc8 23. Bh3 Rb8 24. Be5 Rb6 25.
Bc7 Ba3 26. Bxb6 Bxc1 27. Bxa7 {1/2-1/2 Sulava,N-Grosar,A/JUG-ch (03)/1991/ 
(46)})) 12... Bxc3 13. bxc3 {Ftacnik} (13. Bxc3 Nxc3 $10) 13... Ba6 14. Rfd1
Rab8 15. c4 Qc5 16. cxd5 Rxb3 17. axb3 Bxe2 18. Re1 (18. Rdc1 Qd6 19. Be3 cxd5
20. Bc5 Qb8 21. Bxf8 Kxf8 22. Rc2 Bb5 23. Rca2 a6 24. Bf1 Bxf1 25. Kxf1 Qxb3
26. Rxa6 g5 {0-1 Nielsen,PH-Emms,J/Copenhagen BSF (07) ;CBM 46 1995 (50)})
18... cxd5 19. Rxe2 Qb6 20. b4 Rc8 21. Be1 h6 22. Rea2 Rc7 23. Bf1 Qd4 24. b5 {
1-0 Nielsen,PH-Savon,V/Pardubice op/1995/ (43)}) (11... Rb8 $142 12. Na4 (12.
e4 {Dautov} Nxc3 13. bxc3 Bd6 14. Qa4 Qc7 15. Be3 c5 16. Rfd1 Bd7 $10 {
Zvjaginsev,V-Romanov,O/URS-chJ Alma-Ata/ 1991} (16... Bd7 17. Qc2 e5 18. Bf1
Be6 19. Qa4 Rb6 20. Rd2 Rfb8 21. Rad1 Bf8 22. f3 h5 23. Bc4 Qc8 {Zvjaginsev,
V-Romanov,O/URS-chJAlma-Ata/1991/1/2-1/2 (49)})) 12... Ba6 13. Qc2 Bd6 14. a3
Qe7 15. Re1 Bb5 16. e4 Nb6 $10 {Zvjaginsev,V-Bareev,E/RUS-ch Elista (11) ;CBM
50 1995}) (11... a5 12. Rd1 Qe7 13. Bd2 Ba6 14. Bf3 Rfd8 15. a3 Bxc3 16. Bxc3
a4 17. Qc2 Bb5 18. Bd4 e5 19. Bc5 Qe6 20. Rd2 Rd7 21. Rad1 Rad8 22. Be4 {
1/2-1/2 Segal,Al-Miralles,G/Dubai olm (04)/1986/}) 12. Rd1 {/\ 13.e4} Ba6 (
12... Qb6 13. Nxd5 $1 (13. e4 Qxb3 14. axb3 Nb4 $132) (13. Qc2 Ba6 $132) 13...
cxd5 (13... exd5 14. Qc2 $14) 14. Qxb6 axb6 15. e4 $16) 13. e4 Rb8 (13... Nxc3
14. Rxd8 Ne2+ 15. Kh1 Rfxd8 16. Be3) 14. exd5 $1 (14. Qc2 Nb4 $1 (14... Nb4 {
Ftacnik} 15. Qa4 Qb6 $132)) (14. Qa4 Nxc3 15. bxc3 Qb6 $10) 14... Rxb3 15. axb3
cxd5 (15... Qb6 16. d6 (16. Be3 c5 17. b4 $1 Bc4 18. bxc5 Qxb2 (18... Bxc5 $2 {
Dautov} 19. Na4 $18) 19. d6 Bf6 20. Ne4 $16 Qxa1 $2 21. Rxa1 Bxa1 22. c6 Bd5
23. Nc5 Bxg2 24. Kxg2 $18) (16. dxc6 Bc5 17. Ne4 Qxb3 18. Bf4 (18. Rd7 {Ftacnik
} Qb4 19. Bd2 Qxb2 20. Bc3 Qb6 21. Nxc5 Qxc5 22. Bxg7 Kxg7 23. Rxa6 $13) 18...
Bb4 19. Rdc1 $36) 16... Bf6 17. Be3 $18 (17. Be3 {Dautov} Qxb3 18. Rxa6 Bxc3
$17)) (15... Qc8 {Dautov} 16. dxc6 $16 (16. dxc6 Rd8 (16... Bc5 17. Rd7 Bb6 18.
Be3 $16) 17. Rd7 $1)) (15... Bc8 16. dxc6 Qb6 17. Be3 Qxb3 18. Rxa7 Bf6 19. Ne4
(19. Bf3 Qxb2 20. Ne4)) 16. Rxa6 Qb8 17. Be3 $1 Qxb3 18. Rxa7 Bf6 19. Rd2 Qc4 (
19... Bxc3 20. Ra3 (20. bxc3 $142 Qxc3 21. Bf1 $16 (21. h4 $16)) 20... Qxa3 21.
bxa3 Bxd2 22. Bxd2 Rc8 $13) 20. Bf1 Qb4 21. Ra4 (21. h4 $5 d4 $2 22. Ra4 dxe3
23. Rxb4 exd2 24. Nd1 $18) 21... Qb3 22. Ra3 Qb4 23. Ra4 Qb3 24. Ra5 $1 (24.
Bd4 $5 {Ftacnik} Bxd4 25. Raxd4 $16) 24... Rb8 (24... Bxc3 25. Ra3) 25. Bf4 (
25. Rb5 $6 Rxb5 26. Nxb5 Bxb2) 25... Bxc3 (25... e5 26. Rdxd5 $1 exf4 27. Rdb5
$18) 26. bxc3 (26. Ra3 $2 Bxd2 27. Rxb3 Rxb3 28. Bxd2 Rxb2 $17) 26... Qxc3 27.
Rda2 (27. Bxb8 {Ftacnik} Qxa5 28. Rc2 f6) 27... Rc8 (27... e5 $2 28. Ra8 Rf8
29. Bxe5 $3 Qxe5 30. Re2 Qxg3+ (30... Qd6 31. Ree8 $18) 31. hxg3 Rxa8 32. Bg2
$18) 28. Ra8 $1 {/\ 29.R:c8, 30.Rb2} f6 (28... h6 29. Bd3 $1) (28... g6 29. Be5
$1 (29. Be5 Qc6 30. Rxc8+ Qxc8 31. Rb2 $18)) 29. Bd2 (29. Rxc8+ {Ftacnik} Qxc8
30. Bh3 g5 $10) 29... Qc6 30. R8a6 Qe8 31. Bh3 Rc6 (31... f5 {Ftacnik} 32. Ra7
$16) 32. Ra8 Rc8 33. R8a6 Rc6 34. Ra8 Rc8 35. R8a7 h6 36. Ra1 (36. Rb2 $5) (36.
Rb2 $5 Rc6 37. Rbb7 Qg6 $16) 36... Kh8 37. Bb4 Rc4 38. Be7 $1 (38. Re7 $6 {
Ftacnik} Qb8) 38... Rc6 (38... e5 $2 39. Ra8 $18) (38... f5 39. Bd6 $18 {/\Be5}
) (38... Qc6 39. Bf8 $18) 39. Bf1 $1 Rc8 40. Bd3 $138 (40. Bd3 Rc3 (40... e5
41. Bf5 Rb8 42. Bd6 Rd8 43. Bc7 $18) (40... f5 41. Bd6 $18 (41. Bd6 Rc3 42. Be5
Rxd3 43. Rxg7 $18)) (40... Kg8 {Ftacnik} 41. R1a6 $16) 41. Ra8 Rc8 42. Rxc8
Qxc8 43. Bg6 e5 44. Bd6 $18 {/\Ra7-e7}) 1-0

[Event "Ischia"]
[Site "Ischia"]
[Date "1996.??.??"]
[Round "4"]
[White "Khalifman, Alexander"]
[Black "Hodgson, Julian M"]
[Result "1-0"]
[WhiteElo "2650"]
[BlackElo "2615"]
[Annotator "Baburin,A"]
[PlyCount "35"]
[EventDate "1996.06.??"]
[EventType "tourn"]
[EventRounds "9"]
[EventCountry "ITA"]
[EventCategory "14"]
[SourceTitle "CBM 054"]
[Source "ChessBase"]
[SourceDate "1996.10.01"]
[SourceVersion "1"]
[SourceVersionDate "1996.10.01"]
[SourceQuality "1"]

1. d4 d5 2. c4 c6 3. Nf3 Nf6 4. Nc3 a6 5. a4 e6 6. Bg5 Bb4 $6 {This way of
developing the bishop does not fit well in this position, already determined
by the moves ...c6 & ...c6. In the classical lines of the QGA this bishop
usually belongs on e7.} 7. e3 h6 8. Bh4 Nbd7 9. Bd3 b6 $6 10. O-O Bb7 11. Ne5
Nxe5 $6 (11... dxc4 12. Nxc4 O-O) 12. dxe5 dxc4 13. exf6 Qxd3 14. fxg7 Rg8 15.
Qf3 Rxg7 16. Ne4 f5 17. Qh5+ Kf8 18. Ng3 $18 1-0

[Event "Bundesliga 9697"]
[Site "Germany"]
[Date "1997.03.02"]
[Round "?.1"]
[White "Khalifman, Alexander"]
[Black "Glek, Igor Vladimirovich"]
[Result "1/2-1/2"]
[WhiteElo "2650"]
[BlackElo "2620"]
[Annotator "Glek,I"]
[PlyCount "35"]
[EventDate "1996.10.12"]
[EventType "team-tourn"]
[EventRounds "15"]
[EventCountry "GER"]
[SourceTitle "GER-chT"]
[Source "ChessBase"]
[SourceDate "1999.07.01"]
[SourceVersion "1"]
[SourceVersionDate "1999.07.01"]
[SourceQuality "1"]
[WhiteTeam "Duisburg"]
[BlackTeam "Bochum"]
[WhiteTeamCountry "GER"]
[BlackTeamCountry "GER"]

1. d4 Nf6 2. c4 g6 3. Nf3 Bg7 4. g3 c6 5. Bg2 d5 6. Qb3 a5 $1 7. O-O (7. Nc3 a4
8. Nxa4 $6 dxc4 $15 {/\b5}) 7... a4 8. Qb4 O-O 9. Na3 (9. Nc3 dxc4 10. Qxc4 b5
$13 {/\b4}) 9... dxc4 (9... Ne4 $5 10. Rd1 $13) 10. Qxc4 (10. Nxc4 Na6 $11)
10... Bf5 $1 (10... b5 $5) 11. Rd1 Be4 $11 12. Bf4 Nbd7 13. Qc1 Rc8 $1 14. Bh6
c5 15. Bxg7 Kxg7 16. Qe3 $6 (16. dxc5 Rxc5 (16... Qa5 $11) 17. Qe3 Rd5 $11)
16... Qb6 17. Rd2 (17. dxc5 Qxb2 $1 18. Nc4 Qb4 19. Nb6 Nxb6 20. cxb6 Rc3 $15)
17... cxd4 18. Qxd4 $138 (18. Qxd4 Nc5 $1 $15) 1/2-1/2

[Event "RUS-ch"]
[Site "Elista"]
[Date "1996.??.??"]
[Round "2"]
[White "Ulybin, Mikhail"]
[Black "Khalifman, Alexander"]
[Result "1/2-1/2"]
[WhiteElo "2535"]
[BlackElo "2640"]
[Annotator "Chekhov,V"]
[PlyCount "91"]
[EventDate "1996.10.15"]
[EventType "swiss"]
[EventRounds "11"]
[EventCountry "RUS"]
[SourceTitle "CBM 056"]
[Source "ChessBase"]
[SourceDate "1997.02.01"]
[SourceVersion "1"]
[SourceVersionDate "1997.02.01"]
[SourceQuality "1"]

1. d4 Nf6 2. c4 c5 3. d5 b5 4. cxb5 a6 5. bxa6 g6 6. Nc3 Bxa6 7. e4 Bxf1 8.
Kxf1 d6 9. Nf3 Bg7 10. g3 O-O 11. Kg2 Nbd7 12. Re1 Ra7 (12... Ng4 $5 13. Bf4
Qa5 14. h3 Nge5 15. Nxe5 Nxe5 16. Qe2 Rfb8 17. Rac1 Qa6 18. Bxe5 Bxe5 19. Rc2
Qxe2 20. Rexe2 Rb4 $44 {Karpov,An-Salov,V/Belgrade/1996/0,5/35/}) (12... Ra6 $5
13. h3 Qa8 14. Bg5 h6 15. Bd2 e6 16. dxe6 fxe6 17. a4 g5 18. Ra3 d5 $146 {
Atalik,S-Khalifman,A/Hastings/1996/0|1/44/}) 13. h3 (13. Qc2 $5 Qa8 14. Re2 Rb8
15. h3 Ne8 16. Bg5 h6 17. Be3 Nc7 18. Qd2 Rab7 19. Qc1 Kh7 $44 {Dumitrache,
D-Palatnik,S/Baku/1988/0,5/63/}) 13... Qa8 14. Qc2 Rb8 15. Bf4 (15. Bg5 $5 Nb6
16. a4 Ne8 17. Ra2 Rab7 18. Nd2 Qa6 $44 {Hjartarson,J-Brynell,S/Malme/1995/1|0/
61/}) 15... Nb6 16. b3 (16. e5 $2 Nfxd5 17. Nxd5 Nxd5 $17) 16... Nfd7 17. a4 f5
$5 18. Rad1 (18. exf5 Bxc3 (18... Nxd5 19. Nxd5 Qxd5 20. Rad1 Qxb3 21. Qxb3+
Rxb3 22. Rxe7 $16) 19. Qxc3 Nxd5 20. Qc4 N7b6 21. Qe4 Nxf4+ 22. Qxf4 Rf8 $36)
18... Bxc3 19. Qxc3 fxe4 20. Rxe4 e5 $1 (20... Nxd5 $2 21. Rxd5 $1 Qxd5 22.
Rxe7 Ne5 23. Rxa7 Rxb3 24. Bxe5 $1 dxe5 25. Rd7 $18) 21. dxe6 (21. Bg5 Nxd5 $22
22. Qd3 N5f6 $36) 21... Qxe4 22. Bxd6 (22. exd7 Nd5 $17) 22... Rc8 23. exd7
Rxd7 24. Re1 Qc6 (24... Qd5 25. Bf4 c4 26. bxc4 Qxc4 27. Qxc4+ Nxc4 28. Rc1)
25. Bf4 c4 (25... Nd5 26. Qc4 $16) 26. bxc4 Nd5 (26... Qxc4 27. Qxc4+ Nxc4 28.
Rc1 $10) 27. Qe5 Nxf4+ 28. Qxf4 Rf7 29. Qe4 Qxe4 (29... Qxc4 30. Qxc4 Rxc4 31.
Ne5 (31. Re8+ Rf8 $10) 31... Re7 $10) 30. Rxe4 Rcf8 31. Re3 Rf5 32. Rc3 Ra5 33.
g4 (33. Ra3 Rfa8 $10) 33... Rxa4 34. Kg3 Ra5 (34... Rfa8 $5 $10) 35. Nd2 Rfa8
36. f3 Ra3 37. Rxa3 Rxa3 38. Ne4 Kf7 39. c5 (39. Ng5+ Kg7 40. Ne4 Kf7 $10)
39... Ke7 40. Kf4 Rd3 41. h4 h6 42. c6 (42. g5 hxg5+ 43. hxg5 Ke6 $10) 42...
Ra3 43. c7 Kd7 44. g5 hxg5+ 45. Kxg5 Rxf3 46. Kxg6 1/2-1/2

[Event "RUS-ch"]
[Site "Elista"]
[Date "1996.??.??"]
[Round "7"]
[White "Khalifman, Alexander"]
[Black "Shchekachev, Andrei"]
[Result "1-0"]
[WhiteElo "2640"]
[BlackElo "2560"]
[Annotator "Horvath,Ta"]
[PlyCount "113"]
[EventDate "1996.10.15"]
[EventType "swiss"]
[EventRounds "11"]
[EventCountry "RUS"]
[SourceTitle "CBM 056"]
[Source "ChessBase"]
[SourceDate "1997.02.01"]
[SourceVersion "1"]
[SourceVersionDate "1997.02.01"]
[SourceQuality "1"]

1. e4 {Baburin} c5 2. Nf3 Nc6 3. Bb5 g6 4. Bxc6 dxc6 5. d3 Bg4 (5... f6 6. e5
Bg4 7. exf6 exf6 8. h3 Be6 9. O-O Qd7 10. Be3 Nh6 11. Nc3 b6 12. Ne4 $1 $14 {
Anand-Krasenkov/Moscau/1996} Bg7 $2 13. Bxc5 $1) 6. Nbd2 Bg7 7. h3 Bxf3 8. Nxf3
Nf6 9. O-O Nd7 10. Be3 b6 (10... e5 11. c3 O-O 12. Qc2 Qe7 13. Qb3 $6 b6 14.
Rfe1 Rfe8 15. Rad1 Qe6 $13 {Ljubojevic-Kramnik/Monaco/Blind/1995}) 11. c3 O-O
12. Qc2 e5 13. d4 {Baburin:White opens up the position in order to seize the
central files.} exd4 14. cxd4 cxd4 15. Bxd4 Bxd4 16. Nxd4 Qf6 $2 (16... c5 17.
Nb5 a6 18. Nd6 Qe7 19. f4 $14) 17. Rad1 Nc5 18. b4 $16 Ne6 19. Nxc6 Nf4 20. Kh2
Rfc8 21. b5 a6 22. a4 axb5 23. axb5 Re8 24. e5 Qh4 25. Qb3 Ne6 26. Qe3 Qc4 27.
Qd3 Ra4 28. Qxc4 Rxc4 29. Rc1 Re4 30. Rfe1 Rxe1 31. Rxe1 Nc7 32. Rb1 Re6 33. f4
f6 (33... Nxb5 34. Nd8 $18) 34. Nd4 Re7 35. Rc1 fxe5 36. fxe5 Ne6 37. Rc8+ Kf7
38. Nc6 Re8 39. Rxe8 Kxe8 40. Kg3 Kd7 41. Kf3 Nc7 42. Nd4 Ke7 43. Ke4 Kf7 44.
g3 Ke7 45. g4 Kf7 46. h4 Ke7 47. h5 Kf7 48. h6 Ke7 49. Nf3 Ne6 50. Kd5 Kd7 51.
Nd2 Nc7+ 52. Kc4 Ke7 53. Ne4 Ke6 54. Ng5+ Kxe5 55. Nxh7 Ne8 56. Ng5 Nd6+ 57.
Kd3 1-0

[Event "RUS-Cup01 Chigorin Memorial"]
[Site "St Petersburg"]
[Date "1996.??.??"]
[Round "5"]
[White "Khalifman, Alexander"]
[Black "Vysochin, Spartak"]
[Result "1-0"]
[WhiteElo "2640"]
[BlackElo "2480"]
[Annotator "Notkin,M"]
[PlyCount "49"]
[EventDate "1996.11.??"]
[EventType "swiss"]
[EventRounds "9"]
[EventCountry "RUS"]
[SourceTitle "CBM 056 Extra"]
[Source "ChessBase"]
[SourceDate "1997.03.01"]
[SourceVersion "1"]
[SourceVersionDate "1997.03.01"]
[SourceQuality "1"]

1. e4 e6 2. d4 d5 3. Nc3 Bb4 4. e5 Ne7 5. a3 Bxc3+ 6. bxc3 c5 7. Nf3 Qc7 8. a4
b6 9. Bb5+ Nec6 $6 (9... Bd7) 10. O-O Ba6 11. c4 dxc4 (11... Bxb5 12. axb5 Nxd4
13. cxd5 Nxf3+ 14. Qxf3 Qb7 15. Qg4 $1 Qxd5 16. Qxg7 Rf8 17. Bg5 Nd7 18. Rfd1
Qxe5 19. Qxe5 Nxe5 20. Rxa7 $1 {Ady,J-Khan,R/London/1982/1:0/20/}) 12. d5 exd5
(12... Bxb5 $2 13. axb5 Nxe5 14. d6 $18) 13. Qxd5 O-O $6 (13... Bb7 14. a5 $1
O-O (14... a6 15. axb6 $16) 15. a6 Nxa6 (15... Bc8 16. Qe4 $16 {@->/}) 16. Bxa6
Bxa6 17. Rxa6 Nb4 18. Qxc4 Nxa6 19. Qxa6 $16) 14. Qe4 $1 {/\Ng5/} h6 (14... Nd4
$5 15. Nxd4 Bb7 $1 16. Qf4 cxd4 17. Ba3 Rd8 18. Bd6 Qc8 19. Qxd4 Ba6 20. Ra3
$16) 15. Ra3 $1 Qd7 (15... Re8 16. Ng5 hxg5 17. Rh3 Rxe5 (17... Qxe5 18. Qh7+
Kf8 19. Re3) 18. Qh7+ Kf8 19. Qh8+ Ke7 20. Qxg7 $40) (15... Bc8 16. Bxc4 {
/\Bh6!,/\Bd3/} (16. Bxh6 $5 gxh6 17. Bxc4 $40)) 16. Ng5 $1 hxg5 17. Rh3 f5 (
17... g6 18. Bxg5 $18 {/\Bf6/}) 18. Qxc4+ Qf7 19. e6 Qe8 (19... Qe7 20. Bxg5
Ne5 21. Rh8+ $1 Kxh8 22. Qh4+ Kg8 23. Bxe7 $18) 20. e7+ Rf7 21. Bxg5 Nd4 (21...
Bxb5 22. Qh4 Rxe7 23. Qh7+ Kf7 24. Qxf5+ Kg8 25. axb5 Ne5 (25... Nd4 26. Qd5+
$18) (25... Re5 26. Qh7+ Kf7 27. bxc6 Rxg5 28. Rf3+ $18) 26. Bxe7 Qxe7 27. Qe4
$18) 22. Qxd4 $1 cxd4 23. Bxe8 Bxf1 24. Bxf7+ Kxf7 25. Rh8 $1 1-0

[Event "Jerusalem"]
[Site "Jerusalem"]
[Date "1997.??.??"]
[Round "?"]
[White "Greenfeld, Alon"]
[Black "Khalifman, Alexander"]
[Result "0-1"]
[WhiteElo "2540"]
[BlackElo "2655"]
[PlyCount "92"]
[EventDate "1997.??.??"]
[EventType "tourn"]
[EventRounds "9"]
[EventCountry "ISR"]
[SourceTitle "EXT 2010"]
[Source "ChessBase"]
[SourceDate "2010.11.25"]
[SourceVersion "1"]
[SourceVersionDate "2010.11.25"]
[SourceQuality "1"]

1. d4 Nf6 2. c4 c5 3. d5 b5 4. Nf3 g6 5. cxb5 a6 6. b6 d6 7. Nc3 Qxb6 8. e4 Bg4
9. Qa4+ Bd7 10. Qb3 Qb4 11. Bd3 Bg7 12. O-O O-O 13. Bd2 a5 14. Qc2 c4 15. Be2
Na6 16. a3 Qb3 17. Qxb3 cxb3 18. Be3 Rfc8 19. Nd2 Nc5 20. f3 Na4 21. Nxa4 Bxa4
22. Nc4 Nd7 23. Rfc1 Bb5 24. a4 Ba6 25. Kf2 Rc7 26. Nd2 Rc2 27. Bxa6 Bxb2 28.
Rxc2 bxc2 29. Rf1 c1=Q 30. Rxc1 Bxc1 31. Bb5 Ne5 32. h3 Rc8 33. Ke2 Rc7 34. Kd1
Ba3 35. f4 Nd7 36. Nc4 Bc5 37. Bd2 Bb4 38. Bxb4 axb4 39. a5 Nc5 40. e5 b3 41.
Kc1 Nd3+ 42. Kb1 Nxf4 43. exd6 exd6 44. Kb2 Nxd5 45. Nxd6 Kf8 46. Kxb3 Ke7 0-1

[Event "Jerusalem"]
[Site "Jerusalem"]
[Date "1997.??.??"]
[Round "?"]
[White "Khalifman, Alexander"]
[Black "Kantsler, Boris"]
[Result "1/2-1/2"]
[WhiteElo "2655"]
[BlackElo "2535"]
[PlyCount "65"]
[EventDate "1997.??.??"]
[EventType "tourn"]
[EventRounds "9"]
[EventCountry "ISR"]
[SourceTitle "EXT 2010"]
[Source "ChessBase"]
[SourceDate "2010.11.25"]
[SourceVersion "1"]
[SourceVersionDate "2010.11.25"]
[SourceQuality "1"]

1. e4 g6 2. d4 Bg7 3. Nf3 d6 4. Nc3 Nf6 5. Be3 O-O 6. Qd2 a6 7. Bh6 b5 8. Bd3
Bb7 9. Bxg7 Kxg7 10. e5 Nfd7 11. Be4 Bxe4 12. Nxe4 dxe5 13. O-O-O Nb6 14. h4
Qd5 15. Nc3 Qd6 16. Nxe5 f6 17. Ng4 Nc4 18. Ne4 Nxd2 19. Nxd6 exd6 20. Rxd2 Nc6
21. Ne3 Rfe8 22. c3 Ne7 23. Kc2 f5 24. h5 f4 25. Ng4 Nd5 26. hxg6 hxg6 27. Kd3
Rh8 28. Re1 Rae8 29. Rdd1 Rxe1 30. Rxe1 Nf6 31. Nxf6 Kxf6 32. f3 g5 33. b3
1/2-1/2